La educación a distancia : alternativa para una formación profesional en el posgrado /
Estudios de las posibilidades profesionales que brinda hacer estudios de posgrado a distancia, apoyados en las tecnologías de comunicación. Se analizan los diversos factores que intervienen en la elección de una maestría, en este caso, relacionados con la motivación para iniciar y continuar con las...
Gardado en:
| Autor Principal: | |
|---|---|
| Formato: | Libro |
| Idioma: | Lingua castelá |
| Publicado: |
Ocotlán, México :
Universidad de Guadalajara, Centro Universitario de la Ciénega,
2006, c2006
|
| Temas: | |
| Etiquetas: |
Sen Etiquetas, Sexa o primeiro en etiquetar este rexistro!
|
MARC
| LEADER | 00000nam^a2200000^a^4500 | ||
|---|---|---|---|
| 001 | 000310114 | ||
| 005 | 20250623000000.0 | ||
| 009 | 20260310113005.328 | ||
| 020 | |a 970-27-0864-8 | ||
| 037 | |a Acervo ITESO - Biblioteca | ||
| 041 | |a ESP | ||
| 082 | |a 378. 03 |b CRI | ||
| 100 | |a Crivelli Stefanoni, José Gerardo |e (autor) | ||
| 245 | 1 | 3 | |a La educación a distancia : |b alternativa para una formación profesional en el posgrado / |c J.G. Crivelli Stefanoni. |
| 264 | 4 | |a Ocotlán, México : |b Universidad de Guadalajara, Centro Universitario de la Ciénega, |c 2006, c2006 | |
| 300 | |a 350 p. | ||
| 336 | |a texto |b txt |2 rdacontenido | ||
| 337 | |a sin mediación |b n |2 rdamedio | ||
| 338 | |a volumen |b nc |2 rdasoporte | ||
| 520 | |a Estudios de las posibilidades profesionales que brinda hacer estudios de posgrado a distancia, apoyados en las tecnologías de comunicación. Se analizan los diversos factores que intervienen en la elección de una maestría, en este caso, relacionados con la motivación para iniciar y continuar con las clases, las ventajas metodológicas, el papel de las tutorías, así como los requerimientos técnicos para llevarla a cabo. | ||
| 649 | |a XX | ||
| 650 | |a Investigación - |x Metodología | ||
| 650 | |a Desarrollo Profesional | ||
| 650 | |a Computadoras en la Educación | ||
| 650 | |a Internet - |x Función Educativa-Cultural | ||
| 650 | |a Tecnologías de Comunicación e Información - |x Función Educativa-Cultural - |x Tema Principal | ||
| 650 | |a Educación a Distancia - |x Tema Principal | ||
| 650 | |a Metodología Educativa | ||
| 650 | |a Tecnología Educativa | ||
| 650 | |a Proceso Educativo | ||
| 650 | |a Estudios de Posgrado - |x Tema Principal | ||
| 650 | |a Educación Superior | ||
| 910 | |a Fondo General | ||
| 920 | |a Impresos - Libros | ||
| 930 | |a Colección General | ||
| 905 | |a 101 | ||
| 901 | |a 0500196826 |b IT1 |c ACC |d DT |i D52541 |u 20250623 | ||
| 902 | |a https://opac.biblio.iteso.mx/vufind/Record/000310114 | ||